000
00301nam a22001337a 4500
008
170609b xxu||||| |||| 00| 0 eng d
020
_a
9780521720700
041
_a
eng
080
_a
32
100
_a
19
101
_a
SHP
245
_a
OIL, DOLLARS, DEBT, AND CRISES
_c
ELGAMAL, M.A
942
_2
udc
_c
BK
999
_c
16802
_d
16802